Tughlaq / (Record no. 68209)

MARC details
000 -LEADER
fixed length control field 00755nam a22002297a 4500
005 - DATE AND TIME OF LATEST TRANSACTION
control field 20120608162854.0
008 - FIXED-LENGTH DATA ELEMENTS--GENERAL INFORMATION
fixed length control field 120608t xxu||||| |||| 00| 0 eng d
010 ## - LCCN (DPL NO)
LC control number ENG-105474
020 ## - INTERNATIONAL STANDARD BOOK NUMBER
International Standard Book Number 9780198077138
Terms of availability 195.00
020 ## - INTERNATIONAL STANDARD BOOK NUMBER
International Standard Book Number 0198077130
Terms of availability 195.00
035 ## - SYSTEM CONTROL NUMBER
System control number EN-89007
037 ## - SOURCE OF ACQUISITION
Source of stock number/acquisition DBAD/PUB
040 ## - CATALOGING SOURCE
Original cataloging agency DPL
Language of cataloging Eng
082 ## - DEWEY DECIMAL CLASSIFICATION NUMBER
Classification number 882
100 ## - MAIN ENTRY--PERSONAL NAME
Personal name Karnad, Girish
9 (RLIN) 48622
245 ## - TITLE STATEMENT
Title Tughlaq /
Statement of responsibility, etc by Girish Karnad
260 ## - PUBLICATION, DISTRIBUTION, ETC. (IMPRINT)
Place of publication, distribution, etc New Delhi
Name of publisher, distributor, etc Oxford University Press
Date of publication, distribution, etc 2012
270 ## - ADDRESS
Address YMCA Library Building.1 Jai Singh Road,
City New Delhi
Postal code 110001
300 ## - PHYSICAL DESCRIPTION
Extent xxi,116p.
Dimensions 22cm(pbk)
942 ## - ADDED ENTRY ELEMENTS (KOHA)
Source of classification or shelving scheme Dewey Decimal Classification
Item type English Books
Call number suffix KAR
Classification part 882
Holdings
Withdrawn status Lost status Source of classification or shelving scheme Damaged status Not for loan Collection code Home library Current library Date acquired Source of acquisition Cost, normal purchase price Total Checkouts Full call number Barcode Date last seen Copy number Cost, replacement price Koha item type
    Dewey Decimal Classification   Not For Loan Non-fiction D.B.Act.Division D.B.Act.Division 27/06/2012 DBAD/PUB 195.00   882 KAR EN-89007 27/06/2012 1 195.00 English Books

© Delhi Public Library
Hit Counter
free hit counter